| 000 | 00497cam a2200193ua 4500 | ||
|---|---|---|---|
| 020 |
_a0 07 099389 0 _c33.00 |
||
| 041 |
_aeng _h |
||
| 082 |
_a636.5 _bJUL/PO |
||
| 100 | _aJull, Morley A . | ||
| 245 |
_aPoultry husbandry / _cMorley A Jull. _hTextual Documents |
||
| 250 |
_a3 / _b. |
||
| 260 |
_aNew Delhi : _bTata Mc-Graw Hill Publishing Company , _c1979. |
||
| 300 | _a526 ; . | ||
| 365 | _a33.00 | ||
| 504 | _a | ||
| 942 | _cBK | ||
| 999 |
_c10922 _d10922 |
||